00000000nam 2200000zi 4500
0019.953917
003CaOODSP
00520250814142926
006m     o  d f      
007cr cn ||||||||
008250808s2025    onc     obs  f000 0 eng d
020 |a9780660784120
040 |aCaOODSP|beng|erda|cCaOODSP
043 |an-cn-on
0861 |aPS83-3/485E-PDF
1001 |aFiloso, Daniella, |eauthor.
24512|aA summary of staff and client experiences with the Black Social History pilot in the Ontario Region / |cDaniella Filoso, Nicholas Chadwick, Sara Johnson & Abigail White.
264 1|aOttawa, Ontario : |bCorrectional Service of Canada = Service correctionnel Canada, |c2025.
300 |a1 online resource (vii, 45 pages)
336 |atext|btxt|2rdacontent
337 |acomputer|bc|2rdamedia
338 |aonline resource|bcr|2rdacarrier
4901 |aResearch report ; |vno. R-485
500 |aIssued also in French under title: Projet pilote sur les antécédents sociaux des Noirs dans la région de l'Ontario : résumé des expériences du personnel et des clients.
504 |aIncludes bibliographical references (pages 26-27).
61020|aCorrectional Service Canada|xOfficials and employees|xTraining of.
650 6|aMinority prisoners|zOntario|vStatistics.
650 6|aMinority prisoners|xServices for|zOntario.
655 7|aStatistics|2lcgft
7102 |aCorrectional Service Canada, |eissuing body.
77508|tProjet pilote sur les antécédents sociaux des Noirs dans la région de l'Ontario : |w(CaOODSP)9.953916
830#0|aResearch report (Correctional Service Canada. Research Branch)|vno. R-485.|w(CaOODSP)9.506063
85640|qPDF|s614 KB|uhttps://publications.gc.ca/collections/collection_2025/scc-csc/PS83-3-485-eng.pdf